000 01243nam a22003254a 4500
001 ebr10015438
003 CaPaEBR
006 m u
007 cr cn|||||||||
008 010216s2001 cau sb 000 0 eng
010 _z 2001020486
020 _z0833029711 (pbk.)
040 _aCaPaEBR
_cCaPaEBR
035 _a(OCoLC)50851057
050 1 4 _aUA853.I7
_bI72 2001eb
082 0 4 _a355/.033055
_221
088 _aMR-1320
245 0 0 _aIran's security policy in the post-revolutionary era
_h[electronic resource] /
_cDaniel Byman ... [et al.].
260 _aSanta Monica, CA :
_bRAND,
_c2001.
300 _axx, 113 p.
504 _aIncludes bibliographical references (p. 105-111).
533 _aElectronic reproduction.
_bPalo Alto, Calif. :
_cebrary,
_d2013.
_nAvailable via World Wide Web.
_nAccess may be limited to ebrary affiliated libraries.
650 0 _aNational security
_zIran.
651 0 _aIran
_xMilitary policy.
651 0 _aIran
_xPolitics and government
_y1979-1997.
655 7 _aElectronic books.
_2local
700 1 _aByman, Daniel,
_d1967-
710 2 _aebrary, Inc.
856 4 0 _uhttp://site.ebrary.com/lib/rucke/Doc?id=10015438
_zAn electronic book accessible through the World Wide Web; click to view
999 _c27894
_d27894